[Event "GBR-ch110 Major Open"]
[Site "Hull"]
[Date "2024.07.27"]
[Round "1.24"]
[White "Ther, Mate"]
[Black "Whittington, Reece W"]
[Result "1-0"]
[WhiteElo "2001"]
[BlackElo "1793"]
[PlyCount "83"]
[EventDate "2024.07.27"]
[EventType "swiss"]
[EventRounds "9"]
[EventCountry "GBR"]
[SourceTitle "BritBase"]
[Source "John Saunders"]
[SourceDate "2025.02.20"]
[SourceVersion "1"]
[SourceVersionDate "2025.02.20"]
[SourceQuality "1"]

1. e4 c5 2. Nf3 Nc6 3. d4 cxd4 4. Nxd4 Nf6 5. Nc3 e5 6. Ndb5 d6 7. Bg5 a6 8. Na3 b5 9. Nd5 Be6 10. c3 Bxd5 11. exd5 Ne7 12. Bxf6 gxf6 13. Nxb5 Bg7 14. Na3 O-O 15. Bc4 Qa5 16. O-O Rab8 17. Rb1 Rfc8 18. Qd3 f5 19. Bb3 e4 20. Qg3 Nxd5 21. Nc4 Qc5 22. Qxd6 f4 23. Qxc5 Rxc5 24. Rbe1 Nf6 25. Nd6 Re5 26. Nxf7 Rxb3 27. Nxe5 Rxb2 28. Rb1 Rxa2 29. Rb8+ Bf8 30. Rd1 Ra5 31. Nc6 Rc5 32. Nd4 Rd5 33. c4 Rd7 34. c5 e3 35. fxe3 fxe3 36. c6 e2 37. Re1 Rxd4 38. c7 Rd1 39. Rxf8+ Kg7 40. Kf2 Ne4+ 41. Kxe2 Nc3+ 42. Kf1 1-0

[Event "GBR-ch110 Major Open"]
[Site "Hull"]
[Date "2024.07.27"]
[Round "1.25"]
[White "Watkinson, Colin"]
[Black "Yu, Rock"]
[Result "0-1"]
[WhiteElo "1791"]
[BlackElo "2001"]
[PlyCount "90"]
[EventDate "2024.07.27"]
[EventType "swiss"]
[EventRounds "9"]
[EventCountry "GBR"]
[SourceTitle "BritBase"]
[Source "John Saunders"]
[SourceDate "2025.02.20"]
[SourceVersion "1"]
[SourceVersionDate "2025.02.20"]
[SourceQuality "1"]

1. e4 Nf6 2. e5 Nd5 3. c4 Nb6 4. d4 d6 5. exd6 cxd6 6. Nc3 g6 7. Be3 Bg7 8. Rc1 O-O 9. b3 Bf5 10. Be2 d5 11. c5 Nc8 12. Nf3 Nc6 13. O-O Bg4 14. h3 Bxf3 15. Bxf3 e6 16. Qd2 N8e7 17. Ne2 Nf5 18. b4 Nxe3 19. fxe3 a6 20. a3 Qe7 21. Nc3 Rad8 22. b5 Na5 23. Nxd5 exd5 24. Qxa5 Qxe3+ 25. Kh1 axb5 26. Qxb5 Bxd4 27. Qxb7 Bxc5 28. Bxd5 Qe7 29. a4 Rd7 30. Qc6 Rc7 31. Qb5 Bd6 32. Rce1 Qh4 33. Qb3 Ra7 34. Bc6 Re7 35. Rd1 Bc7 36. Qa3 Bb6 37. a5 Re3 38. Qa2 Bc7 39. Rf3 Rxf3 40. Bxf3 Re8 41. Qd2 Qg3 42. Kg1 Bf4 43. Qd3 Re1+ 44. Rxe1 Qxe1+ 45. Qf1 Be3+ 0-1

[Event "GBR-ch110 Major Open"]
[Site "Hull"]
[Date "2024.07.27"]
[Round "1.26"]
[White "Adams, Henry"]
[Black "Roul, Tushar"]
[Result "0-1"]
[WhiteElo "2000"]
[BlackElo "1783"]
[PlyCount "90"]
[EventDate "2024.07.27"]
[EventType "swiss"]
[EventRounds "9"]
[EventCountry "GBR"]
[SourceTitle "BritBase"]
[Source "John Saunders"]
[SourceDate "2025.02.20"]
[SourceVersion "1"]
[SourceVersionDate "2025.02.20"]
[SourceQuality "1"]

1. d4 Nf6 2. Nf3 e6 3. g3 b6 4. Bg2 Bb7 5. O-O Be7 6. c4 O-O 7. Nc3 d5 8. Bg5 h6 9. Bxf6 Bxf6 10. cxd5 exd5 11. Qb3 c6 12. e4 dxe4 13. Nxe4 Be7 14. Rad1 Nd7 15. Rfe1 Qc7 16. Nc3 Nf6 17. Nh4 Rfe8 18. Nf5 Bf8 19. a4 Rad8 20. Ne3 a5 21. Re2 Ba6 22. Rc2 c5 23. Nb5 Bxb5 24. Qxb5 Ne4 25. Qb3 Qa7 26. d5 Nd6 27. h4 Be7 28. Re2 Bf6 29. Rde1 Kf8 30. Qd3 Kg8 31. h5 Qd7 32. b3 Bd4 33. Nc4 Nxc4 34. Qxc4 Kf8 35. Bf3 Rxe2 36. Rxe2 Qh3 37. Qb5 Qxg3+ 38. Bg2 Qg4 39. Qxb6 Rc8 40. Qa6 Kg8 41. Re4 Qd1+ 42. Bf1 Rb8 43. d6 Qf3 44. Qe2 Bxf2+ 45. Kh2 Qg3+ 0-1

[Event "GBR-ch110 Major Open"]
[Site "Hull"]
[Date "2024.07.27"]
[Round "1.27"]
[White "Sinclair, Colin"]
[Black "Bharat Kumar, Balahari"]
[Result "0-1"]
[WhiteElo "1783"]
[BlackElo "1989"]
[PlyCount "92"]
[EventDate "2024.07.27"]
[EventType "swiss"]
[EventRounds "9"]
[EventCountry "GBR"]
[SourceTitle "BritBase"]
[Source "John Saunders"]
[SourceDate "2025.02.20"]
[SourceVersion "1"]
[SourceVersionDate "2025.02.20"]
[SourceQuality "1"]

1. b3 Nf6 2. Bb2 b6 3. e3 Bb7 4. Nf3 g6 5. Bxf6 exf6 6. c4 d5 7. Nc3 dxc4 8. Bxc4 a6 9. h4 b5 10. Be2 h5 11. Rc1 c5 12. d3 Be7 13. e4 Nd7 14. O-O Ne5 15. Nxe5 fxe5 16. g3 O-O 17. Bxh5 gxh5 18. Qxh5 Qd6 19. Qg4+ Qg6 20. Qxg6+ fxg6 21. f3 Rad8 22. Rcd1 Bc6 23. Kg2 Rd7 24. Ne2 Rfd8 25. Nc1 c4 26. Rf2 Bb7 27. Rc2 Rc8 28. Kf2 Ba3 29. Ke3 Bxc1+ 30. Rcxc1 c3 31. Rc2 b4 32. f4 Rf8 33. fxe5 Rdf7 34. Kd4 Rd8+ 35. Ke3 Rdf8 36. Kd4 Bc8 37. Kc4 Bg4 38. Re1 a5 39. d4 Rf2 40. Rec1 Be2+ 41. Kc5 Bd3 42. Rxf2 Rxf2 43. Kd6 Rf1 44. Rxf1 Bxf1 45. e6 c2 46. e7 Bb5 0-1

[Event "GBR-ch110 Major Open"]
[Site "Hull"]
[Date "2024.07.27"]
[Round "1.28"]
[White "Kovalskyi, Roman"]
[Black "Cawston, M John"]
[Result "1-0"]
[WhiteElo "1989"]
[BlackElo "1776"]
[PlyCount "79"]
[EventDate "2024.07.27"]
[EventType "swiss"]
[EventRounds "9"]
[EventCountry "GBR"]
[SourceTitle "BritBase"]
[Source "John Saunders"]
[SourceDate "2025.02.20"]
[SourceVersion "1"]
[SourceVersionDate "2025.02.20"]
[SourceQuality "1"]

1. e4 e6 2. d4 d5 3. e5 c5 4. c3 Nc6 5. Nf3 Bd7 6. Be2 Nge7 7. Na3 cxd4 8. cxd4 Qb6 9. O-O Nf5 10. Nc2 Be7 11. Kh1 Rc8 12. Bd3 O-O 13. g4 Nh6 14. Bxh6 gxh6 15. Qd2 Kg7 16. g5 h5 17. Qf4 Nb4 18. Nxb4 Qxb4 19. Qh4 Bb5 20. Bxb5 Qxb5 21. Qxh5 Qd3 22. Rac1 Rc4 23. Kg2 Rfc8 24. Rfd1 Qe4 25. Rxc4 Rxc4 26. Re1 Qf5 27. Re3 Rc2 28. Rb3 b6 29. a4 Qe4 30. a5 Qe2 31. Qh4 Rxb2 32. Rc3 Rc2 33. Ng1 Qd2 34. Rf3 Qe1 35. Qh5 Qe4 36. Qxf7+ Kh8 37. Qe8+ Kg7 38. Qxe7+ Kg6 39. Qf6+ Kh5 40. Qh6+ 1-0

[Event "GBR-ch110 Major Open"]
[Site "Hull"]
[Date "2024.07.27"]
[Round "1.29"]
[White "McLean, Rory R"]
[Black "Vaidyanathan, Adithya"]
[Result "0-1"]
[WhiteElo "1768"]
[BlackElo "1985"]
[PlyCount "55"]
[EventDate "2024.07.27"]
[EventType "swiss"]
[EventRounds "9"]
[EventCountry "GBR"]
[SourceTitle "BritBase"]
[Source "John Saunders"]
[SourceDate "2025.02.20"]
[SourceVersion "1"]
[SourceVersionDate "2025.02.20"]
[SourceQuality "1"]

1. d4 Nf6 2. c4 c5 3. d5 b5 4. Qc2 b4 5. e4 d6 6. Bd3 g6 7. h3 Bg7 8. Nf3 O-O 9. O-O a5 10. a3 Qc7 11. axb4 cxb4 12. Be3 Nfd7 13. Bd4 Nc5 14. Bxg7 Kxg7 15. b3 e5 16. Nbd2 f5 17. Nh2 f4 18. Nhf3 Qd8 19. Be2 Ra7 20. Ra2 Rh8 21. Qb2 Nbd7 22. Rfa1 g5 23. Ne1 h5 24. Nc2 Qb6 25. g4 fxg3 26. Rf1 Rf8 27. Bxh5 Nd3 28. Kg2 0-1

[Event "GBR-ch110 Major Open"]
[Site "Hull"]
[Date "2024.07.27"]
[Round "1.30"]
[White "Zhu, Pengxiao"]
[Black "Mittal, Aditya"]
[Result "0-1"]
[WhiteElo "1969"]
[BlackElo "1768"]
[PlyCount "82"]
[EventDate "2024.07.27"]
[EventType "swiss"]
[EventRounds "9"]
[EventCountry "GBR"]
[SourceTitle "BritBase"]
[Source "John Saunders"]
[SourceDate "2025.02.20"]
[SourceVersion "1"]
[SourceVersionDate "2025.02.20"]
[SourceQuality "1"]

1. d4 Nf6 2. c4 e6 3. Nc3 Bb4 4. Qc2 O-O 5. a3 Bxc3+ 6. Qxc3 d5 7. Nf3 dxc4 8. g3 b5 9. Bg2 Bb7 10. O-O Nbd7 11. a4 a6 12. Rd1 Qe7 13. b3 Nd5 14. Qc2 cxb3 15. Qxb3 b4 16. a5 Nc3 17. Re1 Bd5 18. Qb2 Rab8 19. Bd2 Ne4 20. Rac1 c5 21. dxc5 Nxd2 22. Nxd2 Bxg2 23. Kxg2 Nxc5 24. Rc4 Qb7+ 25. e4 Nd3 26. Qb1 Nxe1+ 27. Qxe1 Qb5 28. Qc1 Qxa5 29. Nb3 Qa3 30. Qc2 a5 31. Nc5 Rfd8 32. Na6 b3 33. Qc3 Rb6 34. Nc5 Rb4 35. Nxb3 Rxb3 36. Qe5 Rbb8 37. Rc7 Rf8 38. Ra7 a4 39. Qd4 Qb4 40. Rxa4 Qxd4 41. Rxd4 Rfd8 0-1

[Event "GBR-ch110 Major Open"]
[Site "Hull"]
[Date "2024.07.27"]
[Round "1.31"]
[White "Li, Reya"]
[Black "Pert, Nina P"]
[Result "0-1"]
[WhiteElo "1766"]
[BlackElo "1966"]
[PlyCount "70"]
[EventDate "2024.07.27"]
[EventType "swiss"]
[EventRounds "9"]
[EventCountry "GBR"]
[SourceTitle "BritBase"]
[Source "John Saunders"]
[SourceDate "2025.02.20"]
[SourceVersion "1"]
[SourceVersionDate "2025.02.20"]
[SourceQuality "1"]

1. e4 c6 2. d4 d5 3. e5 Bf5 4. Nf3 e6 5. Be2 h6 6. c3 Ne7 7. Be3 Nd7 8. Nbd2 Bh7 9. Qb3 Qc7 10. Nf1 Nf5 11. Ng3 Nxe3 12. fxe3 O-O-O 13. c4 dxc4 14. Bxc4 g5 15. Bd3 Bxd3 16. Qxd3 Nxe5 17. Nxe5 Qxe5 18. Ke2 Qd5 19. Kf2 f5 20. a3 Bd6 21. Rad1 Rhf8 22. Ne2 Bc7 23. b4 Qd7 24. Rc1 Kb8 25. Rc4 e5 26. Rhc1 e4 27. Qc2 f4 28. Qxe4 fxe3+ 29. Kg1 Rde8 30. Qd3 Rf2 31. d5 Qd6 32. Ng3 Rd2 33. Qf5 Rxd5 34. Qf7 Rf8 35. Qh7 Rd1+ 0-1

[Event "GBR-ch110 Major Open"]
[Site "Hull"]
[Date "2024.07.27"]
[Round "1.32"]
[White "Lishoy Gengis Paratazham, Dildarav"]
[Black "Bates, Hubert"]
[Result "1/2-1/2"]
[WhiteElo "1966"]
[BlackElo "1750"]
[PlyCount "86"]
[EventDate "2024.07.27"]
[EventType "swiss"]
[EventRounds "9"]
[EventCountry "GBR"]
[SourceTitle "BritBase"]
[Source "John Saunders"]
[SourceDate "2025.02.20"]
[SourceVersion "1"]
[SourceVersionDate "2025.02.20"]
[SourceQuality "1"]

1. e4 c5 2. d3 Nc6 3. g3 d5 4. Nd2 Nf6 5. Bg2 e5 6. Ngf3 Be6 7. O-O Bd6 8. Re1 O-O 9. exd5 Nxd5 10. Nc4 f6 11. Nxd6 Qxd6 12. Qd2 Rad8 13. b3 Rd7 14. Bb2 Rfd8 15. h3 Nd4 16. Nxd4 cxd4 17. Rac1 b6 18. Red1 Rc7 19. c3 dxc3 20. Bxc3 Nxc3 21. Rxc3 Rxc3 22. Qxc3 Qd7 23. Kh2 Bf5 24. Bc6 Qd4 25. Qxd4 Rxd4 26. Bb5 Kf7 27. g4 Bg6 28. Rc1 Bxd3 29. Rc7+ Kg6 30. Bxd3+ Rxd3 31. Rxa7 Rd2 32. Kg3 Rd3+ 33. Kg2 Rd2 34. Rb7 Rxa2 35. Rxb6 h5 36. Rb7 hxg4 37. hxg4 Kh6 38. Kg3 g6 39. Rb5 Rb2 40. Rb6 Kg5 41. Rb5 Kh6 42. Rb6 Kg5 43. Rb5 Kh6 1/2-1/2

[Event "GBR-ch110 Major Open"]
[Site "Hull"]
[Date "2024.07.27"]
[Round "1.33"]
[White "Sui, Yueyue"]
[Black "Roberts, David L"]
[Result "0-1"]
[WhiteElo "1749"]
[BlackElo "1963"]
[PlyCount "135"]
[EventDate "2024.07.27"]
[EventType "swiss"]
[EventRounds "9"]
[EventCountry "GBR"]
[SourceTitle "BritBase"]
[Source "John Saunders"]
[SourceDate "2025.02.20"]
[SourceVersion "1"]
[SourceVersionDate "2025.02.20"]
[SourceQuality "1"]

1. d4 Nf6 2. c4 e6 3. Nc3 Bb4 4. Qc2 d5 5. a3 Bxc3+ 6. Qxc3 Ne4 7. Qc2 Nc6 8. Nf3 e5 9. e3 Bf5 10. Bd3 exd4 11. exd4 O-O 12. O-O Re8 13. Be3 Bg6 14. c5 Nf6 15. h3 Bxd3 16. Qxd3 Ne4 17. Nd2 Qd7 18. Nxe4 Rxe4 19. Rfe1 Rae8 20. f3 R4e7 21. Bf2 Nd8 22. Bh4 f6 23. Rxe7 Rxe7 24. Re1 Rxe1+ 25. Bxe1 g6 26. Kf2 Ne6 27. Bd2 Kf7 28. Be3 Qa4 29. b4 a6 30. Bd2 c6 31. Be3 Nc7 32. Bc1 Qb5 33. Qxb5 Nxb5 34. Bb2 h5 35. g3 Ke6 36. Ke3 Kf5 37. Bc1 Nc7 38. g4+ hxg4 39. hxg4+ Kg5 40. Kf2+ Kh4 41. Kg2 f5 42. gxf5 gxf5 43. Bd2 Nb5 44. Be1+ Kg5 45. Bd2+ Kg6 46. Be3 Nxa3 47. Bd2 Nc2 48. Bc3 Kg5 49. Kg3 f4+ 50. Kh3 Ne3 51. Bd2 Nf5 52. Bc3 Nh4 53. Kh2 Nxf3+ 54. Kg2 Kg4 55. Kf2 Ng5 56. Kg2 f3+ 57. Kf1 Kf5 58. Bd2 Nh3 59. Be3 Ke4 60. Bd2 Kxd4 61. Ke1 Kd3 62. Bc1 f2+ 63. Kf1 Kc3 64. Kg2 Kxb4 65. Be3 Kc4 66. Bxf2 Nxf2 67. Kxf2 Kxc5 68. Ke1 0-1

[Event "GBR-ch110 Major Open"]
[Site "Hull"]
[Date "2024.07.27"]
[Round "1.34"]
[White "Usifoh, Kristian C"]
[Black "Pattni, Kishan"]
[Result "1-0"]
[WhiteElo "1963"]
[BlackElo "1746"]
[PlyCount "57"]
[EventDate "2024.07.27"]
[EventType "swiss"]
[EventRounds "9"]
[EventCountry "GBR"]
[SourceTitle "BritBase"]
[Source "John Saunders"]
[SourceDate "2025.02.20"]
[SourceVersion "1"]
[SourceVersionDate "2025.02.20"]
[SourceQuality "1"]

1. d4 Nf6 2. Nf3 d5 3. c4 g6 4. Bf4 Bg7 5. Nc3 O-O 6. cxd5 Nxd5 7. Nxd5 Qxd5 8. Bxc7 Nc6 9. e3 Bg4 10. Be2 Rac8 11. Bg3 Nb4 12. O-O Nxa2 13. e4 Qa5 14. Qb3 Qb4 15. Qxa2 Rc2 16. Rae1 Rxb2 17. Qxa7 Rc8 18. e5 Be6 19. Bf4 Ra2 20. Bd2 Qb2 21. Ba5 Qa3 22. Qxb7 Qxa5 23. Qxe7 Rcc2 24. Rb1 h6 25. Rb8+ Kh7 26. Qe8 h5 27. Ng5+ Kh6 28. Nxe6 fxe6 29. Bd3 1-0

[Event "GBR-ch110 Major Open"]
[Site "Hull"]
[Date "2024.07.27"]
[Round "1.35"]
[White "Chantrell, Paul"]
[Black "Patel, Zain"]
[Result "1/2-1/2"]
[WhiteElo "1735"]
[BlackElo "1958"]
[PlyCount "141"]
[EventDate "2024.07.27"]
[EventType "swiss"]
[EventRounds "9"]
[EventCountry "GBR"]
[SourceTitle "BritBase"]
[Source "John Saunders"]
[SourceDate "2025.02.20"]
[SourceVersion "1"]
[SourceVersionDate "2025.02.20"]
[SourceQuality "1"]

1. e4 e5 2. Nf3 Nc6 3. d4 exd4 4. Bc4 Nf6 5. O-O Nxe4 6. Re1 d5 7. Bxd5 Qxd5 8. Nc3 Qh5 9. Nxe4 Be6 10. Bg5 Bd6 11. Nxd6+ cxd6 12. Bf4 Qd5 13. c3 Qf5 14. cxd4 Qxf4 15. d5 O-O 16. dxe6 fxe6 17. Rxe6 Ne5 18. Qd5 Nxf3+ 19. Qxf3 Qxf3 20. gxf3 Rf6 21. Rxf6 gxf6 22. Rc1 b5 23. Rc6 Rd8 24. Rc7 a5 25. Ra7 a4 26. Rb7 Rc8 27. Rxb5 Rc2 28. Rb7 d5 29. Kf1 d4 30. Ke1 d3 31. h4 Re2+ 32. Kf1 a3 33. bxa3 Rxa2 34. Rd7 Ra1+ 35. Kg2 Rxa3 36. Kg3 h5 37. Kf4 Ra4+ 38. Kg3 Ra3 39. Kf4 Kf8 40. Ke3 d2+ 41. Ke2 Ra4 42. Kxd2 Rxh4 43. Ke3 Rh2 44. f4 Rh3+ 45. f3 Rh2 46. f5 Rg2 47. f4 h4 48. Rh7 Rh2 49. Kf3 Kg8 50. Rh6 Kg7 51. Rg6+ Kf7 52. Rh6 Ke7 53. Rh7+ Ke8 54. Rh6 Kf7 55. Rh7+ Kf8 56. Rh6 Kg7 57. Rg6+ Kf7 58. Rh6 h3 59. Kg3 Rg2+ 60. Kxh3 Rg1 61. Rh7+ Kg8 62. Ra7 Rf1 63. Kg3 Kf8 64. Ra4 Kg7 65. Kg2 Rb1 66. Kf3 Re1 67. Re4 Rf1+ 68. Ke3 Ra1 69. Kd4 Ra4+ 70. Kd3 Ra3+ 71. Kd4 1/2-1/2

[Event "GBR-ch110 Major Open"]
[Site "Hull"]
[Date "2024.07.27"]
[Round "1.36"]
[White "Zhang, Junyi"]
[Black "Vaddhireddy, Sai"]
[Result "1/2-1/2"]
[WhiteElo "1957"]
[BlackElo "1724"]
[PlyCount "64"]
[EventDate "2024.07.27"]
[EventType "swiss"]
[EventRounds "9"]
[EventCountry "GBR"]
[SourceTitle "BritBase"]
[Source "John Saunders"]
[SourceDate "2025.02.20"]
[SourceVersion "1"]
[SourceVersionDate "2025.02.20"]
[SourceQuality "1"]

1. e4 c6 2. Nc3 d5 3. Nf3 dxe4 4. Nxe4 Nf6 5. Qe2 Nxe4 6. Qxe4 Nd7 7. Bc4 Nf6 8. Ne5 e6 9. Qe2 b5 10. Bd3 Qc7 11. O-O Bd6 12. Nf3 Bb7 13. h3 Nd5 14. Qd1 O-O 15. c3 Nf4 16. Bc2 c5 17. d3 Rfd8 18. Bxf4 Bxf4 19. Qe2 Rac8 20. Rad1 b4 21. c4 Bxf3 22. Qxf3 Be5 23. b3 Rd4 24. Rde1 Rf4 25. Qh5 Rf5 26. Qd1 Bd4 27. Qg4 Qf4 28. Qxf4 Rxf4 29. g3 Rf5 30. Kg2 g5 31. Bd1 Rd8 32. Bg4 Re5 1/2-1/2

[Event "GBR-ch110 Major Open"]
[Site "Hull"]
[Date "2024.07.27"]
[Round "1.37"]
[White "Parikh, Naavya"]
[Black "Pick, Freddie"]
[Result "0-1"]
[WhiteElo "1711"]
[BlackElo "1955"]
[PlyCount "110"]
[EventDate "2024.07.27"]
[EventType "swiss"]
[EventRounds "9"]
[EventCountry "GBR"]
[SourceTitle "BritBase"]
[Source "John Saunders"]
[SourceDate "2025.02.20"]
[SourceVersion "1"]
[SourceVersionDate "2025.02.20"]
[SourceQuality "1"]

1. e4 c6 2. d4 d5 3. exd5 cxd5 4. Bb5+ Bd7 5. Bxd7+ Qxd7 6. Nf3 Nc6 7. O-O e6 8. Bf4 Bd6 9. Bxd6 Qxd6 10. c3 Nge7 11. Re1 O-O 12. Nbd2 Nf5 13. Nb3 b6 14. Qe2 Qd7 15. Ne5 Nxe5 16. Qxe5 Nd6 17. Nd2 Rac8 18. Qe2 b5 19. Rec1 Rc7 20. Nb3 Nb7 21. Qd1 a5 22. Nd2 a4 23. a3 Rfc8 24. Qc2 Na5 25. b3 Qc6 26. Qb2 h6 27. Rc2 axb3 28. Nxb3 Nxb3 29. Qxb3 Qc4 30. Rb1 Qxb3 31. Rxb3 Rc4 32. Kf1 Ra4 33. Ke2 Rxd4 34. Rxb5 Rdc4 35. Kd3 d4 36. Rb3 e5 37. f3 f5 38. Rc1 Kh7 39. g3 R8c6 40. Kd2 Kg6 41. f4 e4 42. h3 Kf6 43. Rc2 Ke6 44. Rc1 R4c5 45. Rc2 Kd5 46. Rc1 e3+ 47. Kd3 Rxc3+ 48. Rbxc3 Rxc3+ 49. Rxc3 dxc3 50. Kxc3 Ke4 51. Kc2 Kf3 52. Kd1 Kf2 53. a4 e2+ 54. Kd2 e1=Q+ 55. Kd3 Qb4 0-1

[Event "GBR-ch110 Major Open"]
[Site "Hull"]
[Date "2024.07.27"]
[Round "1.38"]
[White "Davis, Cameron"]
[Black "Robertson, Jim"]
[Result "1-0"]
[WhiteElo "1946"]
[BlackElo "1686"]
[PlyCount "55"]
[EventDate "2024.07.27"]
[EventType "swiss"]
[EventRounds "9"]
[EventCountry "GBR"]
[SourceTitle "BritBase"]
[Source "John Saunders"]
[SourceDate "2025.02.20"]
[SourceVersion "1"]
[SourceVersionDate "2025.02.20"]
[SourceQuality "1"]

1. d4 g6 2. e4 Bg7 3. Nc3 d6 4. Bg5 a6 5. a4 h6 6. Be3 b6 7. f4 e6 8. Nf3 Ne7 9. Bd3 f5 10. h4 Nd7 11. e5 d5 12. h5 Nf8 13. Nh4 Kd7 14. hxg6 Qe8 15. Be2 c6 16. Bh5 Kc7 17. Nb1 Bd7 18. a5 bxa5 19. Qd2 Qb8 20. Qxa5+ Qb6 21. Qa3 Kd8 22. O-O Qb7 23. Bd2 Be8 24. Ba5+ Kc8 25. Nc3 Kb8 26. Na4 Nc8 27. Rf3 Ka7 28. Qc5+ 1-0

[Event "GBR-ch110 Major Open"]
[Site "Hull"]
[Date "2024.07.27"]
[Round "1.39"]
[White "Van Uytvange, Jonas"]
[Black "Kumar, Sanjit S"]
[Result "0-1"]
[WhiteElo "1685"]
[BlackElo "1942"]
[PlyCount "66"]
[EventDate "2024.07.27"]
[EventType "swiss"]
[EventRounds "9"]
[EventCountry "GBR"]
[SourceTitle "BritBase"]
[Source "John Saunders"]
[SourceDate "2025.02.20"]
[SourceVersion "1"]
[SourceVersionDate "2025.02.20"]
[SourceQuality "1"]

1. e4 e6 2. d4 d5 3. Nd2 c5 4. Ngf3 cxd4 5. Nxd4 Nc6 6. Bb5 Bd7 7. Nxc6 bxc6 8. Bd3 Bd6 9. O-O Ne7 10. Re1 e5 11. c4 d4 12. h3 O-O 13. Nf3 Ng6 14. Qc2 c5 15. Bd2 Qc8 16. Kh2 f5 17. Reb1 Rb8 18. a3 fxe4 19. Bxe4 Bxh3 20. Kg1 Bxg2 21. Ng5 Bh3 22. Bd5+ Kh8 23. Qe4 Bf5 24. Qh1 h6 25. Re1 Rxb2 26. Nf7+ Rxf7 27. Bxf7 Rxd2 28. Qh5 Nf4 29. Qf3 Nh3+ 30. Kg2 e4 31. Rxe4 Bxe4 32. Qxe4 Rxf2+ 33. Kh1 Rh2# 0-1

[Event "GBR-ch110 Major Open"]
[Site "Hull"]
[Date "2024.07.27"]
[Round "1.40"]
[White "Lebedev, Lion"]
[Black "Jacobs, Simon"]
[Result "1-0"]
[WhiteElo "1941"]
[BlackElo "1683"]
[PlyCount "109"]
[EventDate "2024.07.27"]
[EventType "swiss"]
[EventRounds "9"]
[EventCountry "GBR"]
[SourceTitle "BritBase"]
[Source "John Saunders"]
[SourceDate "2025.02.20"]
[SourceVersion "1"]
[SourceVersionDate "2025.02.20"]
[SourceQuality "1"]

1. d4 d5 2. c4 c6 3. Nf3 Nf6 4. Nc3 a6 5. c5 Bf5 6. Bf4 Nbd7 7. e3 Nh5 8. Ne5 Nxf4 9. exf4 Nxe5 10. fxe5 g6 11. Be2 Bg7 12. O-O O-O 13. Kh1 b6 14. cxb6 Qxb6 15. Na4 Qb4 16. a3 Qa5 17. Rc1 Qc7 18. Rc5 Rfc8 19. Qd2 a5 20. Rfc1 Bd7 21. Qc2 Bh6 22. Rd1 e6 23. Rd3 Bf8 24. Rcc3 Be7 25. Qc1 Qd8 26. Rh3 Bg5 27. f4 Be7 28. Nc5 f5 29. g4 Bxc5 30. Rxc5 Qb6 31. b3 Rf8 32. g5 Ra7 33. Bd1 Rfa8 34. Rhc3 Rc8 35. h4 Kg7 36. Rh3 Rh8 37. h5 Raa8 38. Qe3 Rac8 39. Qd2 Ra8 40. Qe1 Qc7 41. Rc2 Rag8 42. Rch2 Qd8 43. Kg2 Bc8 44. Kf3 Ba6 45. hxg6 hxg6 46. Rh6 Rxh6 47. gxh6+ Kh7 48. Qc3 g5 49. Qxc6 g4+ 50. Kg3 Qc8 51. Rc2 Kxh6 52. Qd6 Qb7 53. Rh2+ Kg7 54. Qxe6 Qb8 55. Qf6# 1-0

[Event "GBR-ch110 Major Open"]
[Site "Hull"]
[Date "2024.07.27"]
[Round "1.41"]
[White "Walia, Michael Kanishk"]
[Black "Dishman, Matthew"]
[Result "0-1"]
[WhiteElo "1682"]
[BlackElo "1936"]
[PlyCount "66"]
[EventDate "2024.07.27"]
[EventType "swiss"]
[EventRounds "9"]
[EventCountry "GBR"]
[SourceTitle "BritBase"]
[Source "John Saunders"]
[SourceDate "2025.02.20"]
[SourceVersion "1"]
[SourceVersionDate "2025.02.20"]
[SourceQuality "1"]

1. e4 c5 2. Nc3 e6 3. f4 Nc6 4. Nf3 d5 5. e5 Nge7 6. g3 Nf5 7. Bg2 h5 8. Bh3 g6 9. O-O Be7 10. d3 Qb6 11. Kh1 Bd7 12. b3 O-O-O 13. Bd2 Kb8 14. a4 Nb4 15. Na2 Nxa2 16. Rxa2 Bc6 17. Qe1 Qc7 18. Bg2 h4 19. g4 h3 20. gxf5 hxg2+ 21. Kxg2 gxf5 22. d4 Rdg8+ 23. Kh1 Rg4 24. c3 Qd8 25. Be3 Rh3 26. b4 c4 27. Qc1 Rgg3 28. Qd1 Qg8 29. Rff2 Qg4 30. b5 Bd7 31. Rg2 Rxg2 32. Rxg2 Qxf3 33. Qxf3 Rxf3 0-1

[Event "GBR-ch110 Major Open"]
[Site "Hull"]
[Date "2024.07.27"]
[Round "1.42"]
[White "Varley, Joe"]
[Black "Saxena, Advik"]
[Result "1-0"]
[WhiteElo "1935"]
[BlackElo "1666"]
[PlyCount "43"]
[EventDate "2024.07.27"]
[EventType "swiss"]
[EventRounds "9"]
[EventCountry "GBR"]
[SourceTitle "BritBase"]
[Source "John Saunders"]
[SourceDate "2025.02.20"]
[SourceVersion "1"]
[SourceVersionDate "2025.02.20"]
[SourceQuality "1"]

1. e4 c5 2. Nf3 d6 3. c3 Nf6 4. h3 Nc6 5. Bd3 e6 6. Bc2 Be7 7. O-O O-O 8. Re1 d5 9. e5 Nd7 10. d4 cxd4 11. cxd4 Nb4 12. Bb3 a5 13. Nc3 Nb6 14. a3 Nc6 15. Bc2 Nc4 16. b3 Nb6 17. Bh6 gxh6 18. Qd3 f5 19. exf6 Rxf6 20. Qxh7+ Kf8 21. Ne5 Nxd4 22. Qh8# 1-0

[Event "GBR-ch110 Major Open"]
[Site "Hull"]
[Date "2024.07.27"]
[Round "1.43"]
[White "Buffard, Julien"]
[Black "Wills, Thomas"]
[Result "0-1"]
[WhiteElo "1665"]
[BlackElo "1927"]
[PlyCount "140"]
[EventDate "2024.07.27"]
[EventType "swiss"]
[EventRounds "9"]
[EventCountry "GBR"]
[SourceTitle "BritBase"]
[Source "John Saunders"]
[SourceDate "2025.02.20"]
[SourceVersion "1"]
[SourceVersionDate "2025.02.20"]
[SourceQuality "1"]

1. e4 c5 2. Nf3 d6 3. d4 cxd4 4. Nxd4 Nf6 5. Nc3 Nc6 6. Be3 Ng4 7. Nd5 Nxe3 8. Nxe3 g6 9. Nxc6 bxc6 10. Qd4 Rg8 11. Qd2 Bg7 12. c3 Rb8 13. Bc4 Qb6 14. Rb1 Bh6 15. O-O Qc5 16. Qd4 Qxd4 17. cxd4 Be6 18. d5 Bd7 19. dxc6 Bxc6 20. Bd5 Bb5 21. Rfe1 e6 22. Bc4 Bc6 23. e5 d5 24. Ng4 Bg7 25. Bb3 Ke7 26. Rbc1 Rgc8 27. f4 Bb5 28. Ne3 h5 29. Rc2 Rxc2 30. Nxc2 Rc8 31. Nd4 Bd7 32. Re3 Rc1+ 33. Kf2 Rb1 34. Re2 a5 35. a4 Bh6 36. Kf3 Rf1+ 37. Rf2 Rxf2+ 38. Kxf2 Bxf4 39. Nf3 Bc1 40. Ke2 Bxb2 41. h3 f6 42. exf6+ Kxf6 43. g4 hxg4 44. hxg4 g5 45. Kd3 Bc8 46. Ke3 Ba6 47. Bc2 Bc4 48. Bd1 e5 49. Bc2 Bc1+ 50. Kf2 Ke6 51. Ke1 Kd6 52. Ng1 Kc5 53. Ne2 Bf4 54. Nc3 Kb4 55. Nb1 d4 56. Nd2 Bxd2+ 57. Kxd2 Bb3 58. Bb1 Kxa4 59. Kd3 Bd5 60. Bc2+ Kb4 61. Bd1 a4 62. Bxa4 Kxa4 63. Kc2 e4 64. Kd2 Be6 65. Ke1 Kb3 66. Kd2 Kc4 67. Kc2 e3 68. Kd1 Kd3 69. Ke1 e2 70. Kf2 Kd2 0-1